Caricamento...

Hindu chayayulla muslim purushan /

Dettagli Bibliografici
Autore principale: Indu Menon
Natura: Printed Book
Lingua:Malayalam
Pubblicazione: Kottayam: D C Books, 2007.
Soggetti:
LEADER 00619cam a2200205ua 4500
008 090316t2007||||||||||| 00 ||mal c
020 |a 81-264-1548-7 
041 0 |a mal 
082 |a M894.812 3  |b IND/H 
100 0 |a Indu Menon,  
245 0 0 |a Hindu chayayulla muslim purushan /  
260 |a Kottayam:  |b D C Books,  |c 2007. 
300 |a 78p.. 
362 1 |a 2007. 
365 |a Rs.40.00 
650 |a Malayalam stories 
650 0 |a Malayalam 
942 |c BK 
999 |c 20202  |d 20202 
952 |0 0  |1 0  |4 0  |6 M_894_812000000000000_3_IND  |7 0  |9 21280  |a KUCL  |b KUCL  |d 2014-05-23  |l 2  |o M894.812 3 IND/  |p 20798  |r 2016-12-23  |s 2016-11-21  |w 2014-05-23  |y BK